| 000 | 01230nam a22003377a 4500 | ||
|---|---|---|---|
| 003 | CHAP | ||
| 005 | 20220329143518.0 | ||
| 008 | 100318s mx r 00010 spa d | ||
| 010 | _a97793 | ||
| 011 | _a98765 | ||
| 035 | _a109450 | ||
| 040 | _cCHAP | ||
| 090 | _aFolleto 17576 | ||
| 245 | 0 | 0 |
_aEstudios de audiencias para el sistema chiapaneco de radio y televisión _c/editado por Francisco Javier Cordero Fernández |
| 260 |
_aTuxtla Gutiérrez, Chis. : _bUniversidad Autónoma de Chiapas, Dirección General de Extensión Universitaria, _c2008 |
||
| 300 | _a16 p. | ||
| 590 |
_aBATCH-UPD _b10 _c20130110 _lUCH01 _h1223 |
||
| 590 |
_aBATCH-UPD _b10 _c20130410 _lUCH01 _h0757 |
||
| 590 |
_aBATCH-UPD _b10 _c20130914 _lUCH01 _h0921 |
||
| 590 |
_aCONVERSION _b10 _c20130109 _lUCH01 _h1354 |
||
| 650 | 1 | 4 |
_aAprendizaje. _96370 |
| 650 | 1 | 4 |
_aChiapas _xCultura. _922229 |
| 650 | 1 | 4 |
_aEnseñanza. _937085 |
| 650 | 1 | 4 |
_aMedios masivos de comunicación. _974123 |
| 650 | 1 | 4 |
_aRadio en educación. _993691 |
| 650 | 1 | 4 |
_aTelevisión en educación. _9112088 |
| 700 | 1 |
_aCordero Fernández, Francisco Javier _e, ed. _927949 |
|
| 901 | _aBK | ||
| 942 | _cFOLL | ||
| 949 |
_aFolleto 17576 _bBC _cFOLL _d33724002129033 _eTS1 _gDonaciØn _i109450 _sb |
||
| 999 |
_c97793 _d97793 |
||